书目信息 |
| 题名: |
三亚酒店
|
|
| 作者: | 刘光亚 , 朱莉 , 张一平 主编 | |
| 分册: | 1 | |
| 出版信息: | 北京 中国建筑工业出版社 2009.12 |
|
| 页数: | 270页 | |
| 开本: | 28cm | |
| 丛书名: | ||
| 单 册: | ||
| 中图分类: | TU247.4 | |
| 科图分类: | ||
| 主题词: | 饭店--fan dian--建筑设计--三亚市 | |
| 电子资源: | ||
| ISBN: | 978-7-112-11506-8 | |
| 000 | 01092nam0 2200253 450 | |
| 001 | 012001000541 | |
| 005 | 20100510153222.71 | |
| 010 | @a978-7-112-11506-8@b精装@dCNY178.00 | |
| 100 | @a20100515d2009 km y0chiy0121 eb | |
| 101 | 0 | @achi |
| 102 | @aCN@b110000 | |
| 105 | @aa z 000yy | |
| 200 | 1 | @a三亚酒店@Asan ya jiu dian@d= Sanya Hotels@h1@f刘光亚, 朱莉, 张一平主编@zeng |
| 210 | @a北京@c中国建筑工业出版社@d2009.12 | |
| 215 | @a270页@c图@d28cm | |
| 330 | @a本丛书通过三亚主要度假酒店的建筑,大堂、餐厅、客房和园艺等图片简要展示了三亚度假酒店风格和特点。。事实上,酒店规划设计是在进行市场调研、可行性研究、投资分析、确定经营管理模式等一些列前期工作基础上深化出主题和特色理念,并通过总体布局及功能分区规划设计、建筑设计、室内设计、机电机设备系统设计、标识设计、评星设计不断进行优化,最终形成旷世之作。 | |
| 510 | 1 | @a Sanya Hotels@zeng |
| 606 | 0 | @a饭店@Afan dian@x建筑设计@y三亚市 |
| 690 | @aTU247.4@v4 | |
| 701 | 0 | @a刘光亚@Aliu guang ya@4主编 |
| 701 | 0 | @a朱莉@Azhu li@4主编 |
| 701 | 0 | @a张一平@Azhang yi ping@4主编 |
| 801 | 0 | @aCN@c20100515 |
| 905 | @dTU247.4@eL610:1@f2 | |
| 三亚酒店= Sanya Hotels.1/刘光亚, 朱莉, 张一平主编.-北京:中国建筑工业出版社,2009.12 |
| 270页:图;28cm |
| ISBN 978-7-112-11506-8(精装):CNY178.00 |
| 本丛书通过三亚主要度假酒店的建筑,大堂、餐厅、客房和园艺等图片简要展示了三亚度假酒店风格和特点。。事实上,酒店规划设计是在进行市场调研、可行性研究、投资分析、确定经营管理模式等一些列前期工作基础上深化出主题和特色理念,并通过总体布局及功能分区规划设计、建筑设计、室内设计、机电机设备系统设计、标识设计、评星设计不断进行优化,最终形成旷世之作。 |
| ● |
| 相关链接 |
|
|
|
正题名:三亚酒店
索取号:TU247.4/L610:1
 
预约/预借
| 序号 | 登录号 | 条形码 | 馆藏地/架位号 | 状态 | 备注 |
| 1 | 981797 | 209817974 | 建筑库101/101建筑库 70排3列4层/ [索取号:TU247.4/L610:1] | 在馆 | |
| 2 | 981798 | 209817983 | 建筑库101/101建筑库 70排3列4层/ [索取号:TU247.4/L610:1] | 在馆 |